000 00872nam a22002897a 4500
003 CHAP
005 20220817041321.0
008 111103s2009 r 10010 eng d
010 _a11137
011 _a12109
020 _a9789251063637
035 _a14179
040 _cCHAP
090 _aCD-377
110 0 _aFAO
245 1 0 _aExpert meeting [Disco Compacto]:
_bhow to feed the world 2050
_c/por FAO
260 _aRoma :
_bFAO,
_c2009
300 _a1 disco compacto ;
_c4 3/4 plg.
500 _aProcedings of a technical meeting of experts. Rome, 24 - 26 june 2009.
590 _aBATCH-UPD
_b10
_c20130110
_lUCH01
_h1635
590 _aCONVERSION
_b10
_c20130109
_lUCH01
_h1307
650 0 4 _aAlimentos
_xAbastecimiento.
650 0 4 _aAlimentos
_xConsumo.
_94181
901 _aBK
942 _cCD
949 _aCD-377
_bBC
_cCD
_d33724002311347
_eCD
_gDonaciØn
_i14179
_sb
999 _c11137
_d11137